Una noche en el museo = Night at the Museum /
Larry es contratado como guardia de seguridad del Museo de Historia Natural, cubre el turno nocturno acompañado de una gran linterna para guiar su recorrido en los recintos, de pronto se queda asombrado cuando advierte que los seres que allí habitan empiezan a cobrar vida. Frente a los estragos que...
Na minha lista:
| Autor principal: | |
|---|---|
| Outros Autores: | , , |
| Formato: | |
| Idioma: | espanhol |
| Assuntos: | |
| Tags: |
Sem tags, seja o primeiro a adicionar uma tag!
|
MARC
| LEADER | 00000ngm^a2200000^a^4500 | ||
|---|---|---|---|
| 001 | 000308579 | ||
| 005 | 20250521000000.0 | ||
| 009 | 20260310112921.184 | ||
| 037 | |a Acervo ITESO - Biblioteca | ||
| 041 | |a ESP | ||
| 082 | |a 808. 899282 |b LEV | ||
| 100 | |a Levy, Shawn |e (realización) | ||
| 240 | 1 | 5 | |a [Una noche en el museo] |
| 240 | 1 | 5 | |a [Una noche en el museo. Adaptaciones] |
| 245 | 1 | 4 | |a Una noche en el museo = |b Night at the Museum / |c Realización de S. Levy. |
| 264 | 2 | |a México : |b Twentieth Century Fox [distribución], |c 2007, c2007 | |
| 300 | |a 1 DVD regiones 1 y 4 |c (108 min.) | ||
| 336 | |a imagen móvil bidimensional |b tdi |2 rdacontenido | ||
| 337 | |a video |b v |2 rdamedio | ||
| 338 | |a videodisco |b vd |2 rdasoporte | ||
| 500 | |a Basado en: The Night at the Museum, de Milan Trenc | ||
| 520 | |a Larry es contratado como guardia de seguridad del Museo de Historia Natural, cubre el turno nocturno acompañado de una gran linterna para guiar su recorrido en los recintos, de pronto se queda asombrado cuando advierte que los seres que allí habitan empiezan a cobrar vida. Frente a los estragos que causarán entre animales y personajes, el deseo por salvar su vida y lograr el control del Museo se aliará a algunos de ellos. | ||
| 546 | |a En inglés, con subtítulos opcionales: español, inglés, portugués | ||
| 546 | |a Doblaje opcional: español, portugués | ||
| 649 | |a XX | ||
| 650 | |a Películas Infantiles | ||
| 650 | |a Cine de Aventuras | ||
| 650 | |a Cine Norteamericano - |y 2000-2009 | ||
| 650 | |a Cine Norteamericano - |y Siglo XXI | ||
| 650 | |a Escritores Croatas | ||
| 650 | |a Literatura Infantil - |x Adaptaciones para Cine | ||
| 650 | |a Literatura Croata - |y Siglo XX - |x Adaptaciones para Cine | ||
| 650 | |a Personal de Seguridad | ||
| 650 | |a Museos de Historia Natural - |z Nueva York, EUA | ||
| 650 | |a Animales | ||
| 650 | |a Personajes de Ficción | ||
| 650 | |a Paleontología | ||
| 650 | |a Zoología | ||
| 650 | |a Trenc, Milan | ||
| 700 | |a Stiller, Ben |e (actuación) | ||
| 700 | |a Gugino, Carla |e (actuación) | ||
| 700 | |a Dyke, Dick van |e (actuación) | ||
| 910 | |a Fondo General | ||
| 920 | |a Audiovisuales - DVDs | ||
| 940 | |a Películas | ||
| 905 | |a 308 | ||
| 901 | |a 0500196006 |b IT2 |c DVR |i C125784 |u 20250521 | ||
| 902 | |a https://opac.biblio.iteso.mx/vufind/Record/000308579 | ||